000 00415nam a2200145 4500
008 0 1979 0x 000 0mex
020 _a84-03-18060-8
050 _aHF 1416 K 918
082 _a338.88 K195e
100 _aKindleberger, Charls P.
245 _aEconomia Internacional / Charles P. Kindleberger
260 _aEspaƱa : Aguilar
300 _a608p. / 23.5cm.
650 _a1.ECONOMIA INTERNACIONAL
999 _c21159
_d21159